DO YOU KNOW THESE FLAGS (9) - Statistics

General Stats
  • This quiz has been taken 5 times
  • The average score is 3 of 7
Answer Stats
Picture Answer % Correct
Iberian Union
100%
Italian Empire
80%
Illyria
20%
Inca Empire
20%
Intermarium
20%
Islamic Caliphate
20%
Kingdom of the Isles
0%
No matching quizzes found
Score Distribution
Percent of People with Each Score
Percentile by Number Answered
Your Score History
You have not taken this quiz